LEADER 03407 am 2200481 n 450 001 9910495842003321 005 20240104030509.0 010 $a2-7535-6720-4 010 $a2-7535-1890-4 035 $a(CKB)2560000000350794 035 $z(PPN)249721252 035 $a(FrMaCLE)OB-pur-108684 035 $a(PPN)26796000X 035 $a(EXLCZ)992560000000350794 100 $a20200908j|||||||| ||| 0 101 0 $afre 135 $auu||||||m|||| 200 00$aAristocraties méridionales$eToulousain-Quercy, XIe-XIIe siècles$fDidier Panfili 210 $aRennes$cPresses universitaires de Rennes$d2019 215 $a1 online resource (462 p.) 311 $a2-7535-0993-X 330 $aQuercy et Toulousain constituent, du Xe au début du XIIIe siècle, des enjeux majeurs opposant les plus grands de ce monde. L?historiographie ne parle-t-elle pas, pour le XIIe siècle, de Guerre de Cent Ans méridionale, à l?origine de bien des crispations ? De 930 à 1214, les luttes entre princes désorganisent à plusieurs reprises les réseaux aristocratiques. L?action de l?Église, surtout une fois lancée la réforme grégorienne, perturbe elle aussi la nature et les formes du pouvoir aristocratique. Au sein de ces réseaux, les membres des strates moyennes et inférieures sont assez remarquablement éclairés par les actes locaux, pour la plupart inédits et élaborés en milieu monastique. À travers l?étude de quatre types de comportements ? désigner, s?allier, manifester sa foi, dominer ? l?auteur montre quelles formes d?adaptation ces aristocrates ont dû mettre au point pour maintenir leur domination sur les paysans face à un pouvoir comtal toujours présent et à une Église revendiquant une part toujours plus importante du pouvoir. La faible envergure de la plupart de ces aristocrates permet au comte et aux établissements religieux de prendre en charge, surtout après 1130, la fondation de très nombreux castelnaux et villes neuves. Face à ces deux pouvoirs, les aristocrates mettent en ?uvre des stratégies d?affirmation de leur autorité ? comme s?imposer spatialement en multipliant l?implantation de serfs sur des écarts ou inventer de nouveaux prélèvements après la perte des dîmes ? mais aussi de contournement des difficultés ? tels les interdits matrimoniaux non respectés pour éviter l?émiettement du patrimoine dans un espace où existe un partage égalitaire. Retraçant des parcours parfois contradictoires au sein d?une même lignée et dévoilant le rôle et la place des femmes, l?ouvrage met en exergue le poids de la foi mais plus encore la variété des types d?alliance dans des sociétés méridionales où les rapports sociaux deviennent, au cours de la période, très étroitement? 606 $aHistory 606 $aaristocratie 606 $aQuercy 606 $aToulousain 606 $aterritoire 606 $aMoyen Âge 606 $ahistoire de France 615 4$aHistory 615 4$aaristocratie 615 4$aQuercy 615 4$aToulousain 615 4$aterritoire 615 4$aMoyen Âge 615 4$ahistoire de France 700 $aPanfili$b Didier$01232559 701 $aMousnier$b Mireille$01232450 801 0$bFR-FrMaCLE 906 $aBOOK 912 $a9910495842003321 996 $aAristocraties méridionales$93657308 997 $aUNINA LEADER 02039nam 2200541 450 001 9910797116503321 005 20230807215855.0 010 $a1-4698-8856-4 035 $a(CKB)3710000000431779 035 $a(SSID)ssj0001529839 035 $a(PQKBManifestationID)12644347 035 $a(PQKBTitleCode)TC0001529839 035 $a(PQKBWorkID)11522841 035 $a(PQKB)10250677 035 $a(MiAaPQ)EBC4625572 035 $a(Au-PeEL)EBL4625572 035 $a(CaPaEBR)ebr11291961 035 $a(OCoLC)962452604 035 $a(EXLCZ)993710000000431779 100 $a20161109h20152015 uy 0 101 0 $aeng 135 $aurcnu|||||||| 181 $ctxt$2rdacontent 182 $cc$2rdamedia 183 $acr$2rdacarrier 200 10$aChest radiology $ethe essentials /$fJannette Collins, Eric J. Stern, MD 205 $aThird edition. 210 1$aPhiladelphia, [Pennsylvania] :$cWolters Kluwer,$d2015. 210 4$d©2015 215 $a1 online resource $cillustrations (some color) 300 $aIncludes index. 311 $a1-4511-4448-2 320 $aIncludes bibliographical references and index. 330 $a"A concise and readable text of chest radiology aimed at helping first and second-year radiology residents acquire the basic knowledge to interpret plain films and essential CT findings. Chapters start with learning objectives; schematic drawings and tables summarize common causes of radiologic abnormalities. A self-assessment exam at the end includes a variety of exercises, followed by detailed answers and explanations"--$cProvided by publisher. 606 $aChest$xRadiography 606 $aChest$xDiseases$xDiagnosis 615 0$aChest$xRadiography. 615 0$aChest$xDiseases$xDiagnosis. 676 $a617.5407572 700 $aCollins$b Jannette$01534205 702 $aStern$b Eric J. 801 0$bMiAaPQ 801 1$bMiAaPQ 801 2$bMiAaPQ 906 $aBOOK 912 $a9910797116503321 996 $aChest radiology$93781557 997 $aUNINA